| 000 | 00562nam a2200181 a 4500 | ||
|---|---|---|---|
| 005 | 20220629085918.0 | ||
| 008 | 020225s1996 r 000 0 eng d | ||
| 020 | _a9686823395 | ||
| 035 | _aUPN01000116424 | ||
| 049 | _aCG | ||
| 050 | 4 |
_aHD7102 M6 _bA4.7 |
|
| 245 | 0 | 0 |
_aAlternativas de reforma de la seguridad social / _ccoord. Ma. Luisa Mussot L. |
| 260 |
_aMéxico : _bUAM-Xochimilco : _bFundación Friedrich Ebert, _c1996. |
||
| 300 | _a246 p. | ||
| 650 | 4 |
_aSeguridad social _zMéxico _918394 |
|
| 700 | 1 |
_aMussot L., María Luisa, _ecoord. |
|
| 905 | _aLibro | ||
| 999 |
_c89161 _d89161 |
||